ՄԱՅՐ ԱԹՈՌ ՍՈՒՐԲ ԷՋՄԻԱԾԻՆ

«ՎԱՉԵ ԵՎ ԹԱՄԱՐ ՄԱՆՈՒԿՅԱՆ» ՄԱՏԵՆԱԴԱՐԱՆ

Կրթություն սիրելոյ զՀիսուս (Record no. 48051)

MARC details
000 -LEADER
fixed length control field 00328nam a2200133Ia 4500
003 - CONTROL NUMBER IDENTIFIER
control field SEM
008 - FIXED-LENGTH DATA ELEMENTS--GENERAL INFORMATION
fixed length control field 141116s9999 xx 000 0 und d
100 ## - MAIN ENTRY--PERSONAL NAME
Personal name Լիգվորի Ալփ.
245 ## - TITLE STATEMENT
Title Կրթություն սիրելոյ զՀիսուս
260 ## - PUBLICATION, DISTRIBUTION, ETC.
Place of publication, distribution, etc. Վենետիկ
260 ## - PUBLICATION, DISTRIBUTION, ETC.
Date of publication, distribution, etc. 1853
300 ## - PHYSICAL DESCRIPTION
Extent 466
942 ## - ADDED ENTRY ELEMENTS (KOHA)
Source of classification or shelving scheme Universal Decimal Classification
Koha item type Գրքեր/Books
Holdings
Withdrawn status Lost status Source of classification or shelving scheme Damaged status Not for loan Date acquired Total Checkouts Barcode Date last seen Price effective from Koha item type
    Universal Decimal Classification     16/11/2014   14325 16/11/2014 16/11/2014 Գրքեր/Books